[Event "C.to Italiano di Categoria B"]
[Site "Civitanova Marche ITA"]
[Date "2012.07.21"]
[Round "7"]
[White "Distaso, Antonio"]
[Black "Bellincampi, Stefano"]
[WhiteElo "2040"]
[BlackElo "2069"]
[Result "1-0"]
[PlyCount "71"]
[EventDate "2012.07.15"]

1. e4 e5 2. Nf3 Nc6 3. Bb5 a6 4. Ba4 Nge7 5. O-O g6 6. d4 exd4 7. Nxd4 Bg7 8.
Be3 O-O 9. Nc3 d5 10. exd5 Nb4 11. Nde2 Nbxd5 12. Bc5 c6 13. Nxd5 cxd5 14. c3
b5 15. Bb3 Bb7 16. Nd4 Re8 17. Qd2 Qc7 18. Ba3 Nc8 19. Bb4 a5 20. Ba3 Qb6 21.
Rad1 Na7 22. Nf3 Rad8 23. Rfe1 Nc8 24. Qf4 Re6 25. Rxe6 fxe6 26. Ng5 Rd7 27.
Re1 e5 28. Qg4 Rd8 29. Qe6+ Qxe6 30. Nxe6 Re8 31. Nc7 Rd8 32. Nxb5 Nb6 33. Bd6
Nd7 34. Bc7 Ra8 35. Rd1 Ba6 36. Bxd5+ 1-0

[Event "C.to Italiano di Categoria B"]
[Site "Civitanova Marche ITA"]
[Date "2012.07.21"]
[Round "7"]
[White "Forlano, Luigi"]
[Black "De Grandi, Samuele"]
[WhiteElo "1958"]
[BlackElo "1655"]
[Result "0-1"]
[PlyCount "88"]
[EventDate "2012.07.15"]

1. Nf3 c5 2. g3 g6 3. Bg2 Bg7 4. O-O Nc6 5. d3 e5 6. Nbd2 Nge7 7. Ne4 d6 8. Bg5
h6 9. Nf6+ Kf8 10. Bh4 g5 11. Nxg5 hxg5 12. Bxg5 Bh3 13. Bxh3 Rxh3 14. e4 Qc8
15. f4 Rh8 16. f5 Ng8 17. Nd5 f6 18. Be3 Nge7 19. c4 Nxd5 20. cxd5 Nd4 21. Qd2
Ke7 22. b4 b6 23. bxc5 bxc5 24. Qa5 Nc2 25. Bf2 Nxa1 26. Rxa1 Qd7 27. Be3 Bh6
28. Bxh6 Rxh6 29. Rb1 Rhh8 30. h4 Rab8 31. Rf1 Rbg8 32. Kh2 Rb8 33. Rf2 Rb1 34.
d4 cxd4 35. Qd2 Qb7 36. Rg2 Qb4 37. Qc2 Qb7 38. Qe2 d3 39. Qg4 Rf8 40. h5 Rb2
41. h6 Rxg2+ 42. Kxg2 Qb2+ 43. Kh3 Qb1 44. Qg6 Qh1+ 0-1

[Event "C.to Italiano di Categoria B"]
[Site "Civitanova Marche ITA"]
[Date "2012.07.21"]
[Round "7"]
[White "Fratini, Mauro"]
[Black "Traversi, Carlo"]
[WhiteElo "1862"]
[BlackElo "1586"]
[Result "1-0"]
[PlyCount "76"]
[EventDate "2012.07.15"]

1. d4 Nf6 2. Bf4 d5 3. e3 e6 4. Nf3 Nh5 5. Be5 Nf6 6. Bd3 Bd6 7. Nbd2 b6 8. Qe2
c5 9. c3 Nc6 10. Bg3 c4 11. Bc2 h6 12. Ne5 Bxe5 13. dxe5 Ng8 14. f4 Nge7 15.
Qg4 g6 16. Bh4 Qc7 17. e4 b5 18. Bf2 Bd7 19. Qh4 O-O-O 20. Nf3 dxe4 21. Bxe4
Nf5 22. Bxf5 exf5 23. Nd4 Nxd4 24. Bxd4 Be6 25. Qf2 Qb7 26. O-O-O a6 27. Bb6
Rd7 28. Rxd7 Bxd7 29. Rd1 Qc6 30. Rd6 Qb7 31. Qc5+ Kb8 32. Ba7+ Ka8 33. Qd4
Qxg2 34. Rxd7 Qf1+ 35. Kc2 Qe2+ 36. Qd2 Qe4+ 37. Kc1 Qh1+ 38. Qd1 Qxh2 1-0

[Event "C.to Italiano di Categoria B"]
[Site "Civitanova Marche ITA"]
[Date "2012.07.21"]
[Round "7"]
[White "Gaglianese, Marco"]
[Black "Pierantozzi, Stanislao"]
[WhiteElo "1724"]
[BlackElo "1986"]
[Result "1-0"]
[PlyCount "63"]
[EventDate "2012.07.15"]

1. d4 Nf6 2. Bf4 d6 3. Nc3 Nbd7 4. Nf3 Nh5 5. Bg3 g6 6. e4 Bg7 7. Qd2 c5 8. Bh4
cxd4 9. Nd5 Nhf6 10. Qxd4 O-O 11. Nxf6+ Nxf6 12. O-O-O Qa5 13. Bc4 b5 14. Bb3
Ng4 15. e5 dxe5 16. Qd5 Be6 17. Qe4 Bxb3 18. axb3 Qa1+ 19. Kd2 Qxb2 20. Qxg4
Rfd8+ 21. Ke2 Qxc2+ 22. Rd2 Rxd2+ 23. Nxd2 Rd8 24. Rd1 Qd3+ 25. Ke1 Bh6 26. Bg5
Bxg5 27. Qxg5 f6 28. Qg3 Qc2 29. Qf3 a5 30. Qb7 Kf8 31. Qxb5 Qc3 32. Qc4 1-0

[Event "C.to Italiano di Categoria B"]
[Site "Civitanova Marche ITA"]
[Date "2012.07.21"]
[Round "7"]
[White "Iori, Massimiliano"]
[Black "Mastroddi, Emiliano"]
[WhiteElo "1962"]
[BlackElo "2089"]
[Result "1-0"]
[PlyCount "61"]
[EventDate "2012.07.15"]

1. d4 Nf6 2. Bf4 g6 3. e3 Bg7 4. Nf3 d6 5. Be2 O-O 6. h3 b6 7. O-O Bb7 8. c4
Ne4 9. Nbd2 Nxd2 10. Qxd2 Nd7 11. Rad1 Nf6 12. b3 Ne4 13. Qc2 c5 14. d5 Nc3 15.
Rd3 Nxe2+ 16. Qxe2 b5 17. Qc2 b4 18. e4 a5 19. e5 a4 20. exd6 exd6 21. Re1 axb3
22. axb3 Qd7 23. Rde3 Ra1 24. Rxa1 Bxa1 25. Qe2 Bf6 26. g4 Bc8 27. Bh6 Bg7 28.
Re7 Qd8 29. Bxg7 Kxg7 30. Qb2+ Kg8 31. Qf6 1-0

[Event "C.to Italiano di Categoria B"]
[Site "Civitanova Marche ITA"]
[Date "2012.07.21"]
[Round "7"]
[White "Miandro, Roberto"]
[Black "Santeramo, Domenico"]
[WhiteElo "2093"]
[BlackElo "2042"]
[Result "0-1"]
[PlyCount "112"]
[EventDate "2012.07.15"]

1. c4 e5 2. Nc3 Nc6 3. g3 f5 4. Bg2 Nf6 5. e3 Be7 6. Nge2 O-O 7. O-O Nb4 8. d3
c6 9. a3 Na6 10. b4 Nc7 11. Qb3 d5 12. cxd5 cxd5 13. Bb2 Be6 14. Qd1 b5 15. Nb1
Bd6 16. Nd2 a5 17. Nb3 axb4 18. axb4 Nd7 19. Nc5 Qe7 20. Nxe6 Qxe6 21. Qb3 Nb6
22. Ra5 Na4 23. Rxa8 Rxa8 24. Ba1 Kf8 25. Rc1 Ra7 26. Rc6 Ke7 27. Rc1 g6 28. h3
Kd7 29. Bc3 d4 30. Qxe6+ Nxe6 31. exd4 Nxc3 32. Rxc3 Nxd4 33. Nxd4 exd4 34. Rc2
Rc7 35. Rb2 Rc3 36. Bf1 Ra3 37. Be2 Ra4 38. Kg2 Rxb4 39. Rd2 Rb3 40. g4 Rc3 41.
Ra2 Bc5 42. gxf5 gxf5 43. Kf3 b4 44. Rb2 Bd6 45. h4 Ke6 46. Bf1 b3 47. Bh3 Ba3
48. Rb1 Rxd3+ 49. Kg2 Rxh3 50. Kxh3 b2 51. Kg3 Kd5 52. Kf4 Kc4 53. Kxf5 Kc3 54.
Ke4 Kc2 55. Rf1 d3 56. Ke3 Bc5+ 0-1

[Event "C.to Italiano di Categoria B"]
[Site "Civitanova Marche ITA"]
[Date "2012.07.21"]
[Round "7"]
[White "Milazzo, Mario"]
[Black "Bossoni, Mario"]
[WhiteElo "2077"]
[BlackElo "1919"]
[Result "1-0"]
[PlyCount "59"]
[EventDate "2012.07.15"]

1. c4 e5 2. Nc3 Nc6 3. g3 Bc5 4. Bg2 d6 5. e3 Nge7 6. Nge2 Bg4 7. h3 Bh5 8. a3
a5 9. d3 Qd7 10. Bd2 f5 11. Nd5 O-O 12. b4 axb4 13. axb4 Bxe2 14. Kxe2 Rxa1 15.
Qxa1 Bb6 16. Nxb6 cxb6 17. f4 exf4 18. gxf4 Qe6 19. Rg1 g6 20. b5 Na5 21. Bb4
h6 22. Qd4 Nb3 23. Qxd6 Qxd6 24. Bxd6 Re8 25. Bxb7 Kf7 26. Rb1 Na5 27. Bg2 Nc8
28. Bd5+ Kg7 29. Be5+ Kh7 30. Ra1 1-0

[Event "C.to Italiano di Categoria B"]
[Site "Civitanova Marche ITA"]
[Date "2012.07.21"]
[Round "7"]
[White "Pacilli, Emanuele"]
[Black "Panella, Fiammetta"]
[WhiteElo "2168"]
[BlackElo "2043"]
[Result "0-1"]
[PlyCount "70"]
[EventDate "2012.07.15"]

1. e4 c5 2. Nc3 e6 3. f4 Nc6 4. Nf3 a6 5. a4 d5 6. e5 Nh6 7. Ne2 Nf5 8. d3 Be7
9. g3 h5 10. h3 Bd7 11. Bg2 Qb6 12. O-O Rc8 13. Kh2 Ncd4 14. b3 Nxe2 15. Qxe2
h4 16. Nxh4 Nxg3 17. Kxg3 Rxh4 18. Bd2 Bc6 19. f5 exf5 20. Rae1 g6 21. Kh2 Kf8
22. Qf2 d4 23. Rg1 Bxg2 24. Rxg2 Qe6 25. Bf4 Kg7 26. Rg3 Rch8 27. Rh1 Qd5 28.
Rhg1 R4h5 29. Qe1 Bh4 30. e6 Bxg3+ 31. Rxg3 f6 32. e7 Kf7 33. Bc7 Re8 34. c4
Qc6 35. Qa5 Rxe7 0-1

[Event "C.to Italiano di Categoria B"]
[Site "Civitanova Marche ITA"]
[Date "2012.07.21"]
[Round "7"]
[White "Raselli, Claudio"]
[Black "Chiarion, Elisa"]
[WhiteElo "1890"]
[BlackElo "2004"]
[Result "1-0"]
[PlyCount "115"]
[EventDate "2012.07.15"]

1. d4 d5 2. Nf3 c6 3. e3 Nf6 4. Bd3 e6 5. Nbd2 Nbd7 6. O-O Be7 7. Ne5 Nxe5 8.
dxe5 Nd7 9. f4 c5 10. c4 Nb6 11. b3 dxc4 12. Nxc4 Nd5 13. e4 Nb4 14. Bb1 Qd4+
15. Qxd4 cxd4 16. Nd6+ Bxd6 17. exd6 f6 18. e5 Bd7 19. Bb2 Nc6 20. Be4 fxe5 21.
Bxc6 bxc6 22. fxe5 c5 23. Rac1 Rc8 24. Ba3 Rf8 25. Rxf8+ Kxf8 26. Rxc5 Ke8 27.
Rxc8+ Bxc8 28. Bc5 d3 29. Kf2 a5 30. Ke3 Ba6 31. a4 Bb7 32. g3 Bd5 33. b4 axb4
34. Bxb4 Bc4 35. Kd4 Bb3 36. a5 Kd7 37. Kc5 Ba4 38. Kd4 Kc6 39. Kxd3 Bb5+ 40.
Kd4 Ba6 41. h4 Bb5 42. Bd2 Be2 43. Ke3 Bc4 44. Kf4 Be2 45. Kg5 Bd3 46. Kf4 Be2
47. Ke4 Kd7 48. Bg5 Kc6 49. Be7 Kd7 50. Bf8 g6 51. Kf4 Ke8 52. Bh6 Bb5 53. Ke4
Kd7 54. Bd2 Be2 55. Kf4 Bd3 56. Kg5 h5 57. Kf6 Be4 58. a6 1-0

[Event "C.to Italiano di Categoria B"]
[Site "Civitanova Marche ITA"]
[Date "2012.07.21"]
[Round "7"]
[White "Rinaudo, Andrea"]
[Black "Capito', Mario"]
[WhiteElo "2103"]
[BlackElo "1857"]
[Result "1-0"]
[PlyCount "47"]
[EventDate "2012.07.15"]

1. e4 Nf6 2. e5 Nd5 3. d4 d6 4. c4 Nb6 5. exd6 cxd6 6. Nc3 g6 7. Nf3 Bg7 8. Bd3
O-O 9. O-O e5 10. Be3 Be6 11. Qe2 h6 12. Rfd1 Qe7 13. Rac1 f5 14. dxe5 dxe5 15.
Bxb6 e4 16. Be3 exf3 17. Qxf3 Nc6 18. Nd5 Qh4 19. Nc7 Ne5 20. Qg3 Qxg3 21. hxg3
Nxd3 22. Rxd3 Bxc4 23. Rxc4 Rac8 24. b3 1-0

[Event "C.to Italiano di Categoria B"]
[Site "Civitanova Marche ITA"]
[Date "2012.07.21"]
[Round "7"]
[White "Rorato, Renzo"]
[Black "Guglielmi, Dante"]
[WhiteElo "2053"]
[BlackElo "1897"]
[Result "1/2-1/2"]
[PlyCount "64"]
[EventDate "2012.07.15"]

1. d4 d5 2. c4 e6 3. Nf3 Be7 4. g3 Nf6 5. Bg2 O-O 6. O-O Nbd7 7. Qc2 Ne4 8. Ne1
Nef6 9. Nd2 c6 10. Nef3 Re8 11. e4 dxe4 12. Nxe4 Nxe4 13. Qxe4 Nf6 14. Qe2 Rb8
15. Bf4 Bd6 16. Ne5 Qe7 17. Rad1 Nd7 18. Rfe1 Nxe5 19. dxe5 Bc7 20. Rd3 Bd7 21.
Red1 Red8 22. h4 h6 23. Qg4 Kh8 24. Be3 Bb6 25. Bxb6 axb6 26. Qd4 Be8 27. Qxb6
Rxd3 28. Rxd3 g5 29. hxg5 Qxg5 30. Qc7 Ra8 31. f4 Qg6 32. Rd8 Qxg3 1/2-1/2

[Event "C.to Italiano di Categoria B"]
[Site "Civitanova Marche ITA"]
[Date "2012.07.21"]
[Round "7"]
[White "Sagripanti, Michele"]
[Black "Coqueraut, Jean Dominique"]
[WhiteElo "1981"]
[BlackElo "1809"]
[Result "1-0"]
[PlyCount "97"]
[EventDate "2012.07.15"]

1. e4 d6 2. d4 Nf6 3. Nc3 c6 4. a4 Na6 5. Nf3 g6 6. h3 Nc7 7. Be3 Bg7 8. Be2
O-O 9. O-O a5 10. Qd2 e5 11. dxe5 dxe5 12. Qxd8 Rxd8 13. Bb6 Nfe8 14. Bc4 h6
15. Rad1 Rxd1 16. Rxd1 Bf6 17. Ne1 Be6 18. Be2 Be7 19. Nd3 f6 20. Nc5 Bxc5 21.
Bxc5 Na6 22. Bxa6 Rxa6 23. Rd8 Kf7 24. Rb8 b5 25. Rb7+ Kg8 26. axb5 cxb5 27.
Rxb5 Nd6 28. Bxd6 Rxd6 29. Nd5 Bxd5 30. exd5 a4 31. c4 Kf7 32. Rb4 Ra6 33. Rb7+
Ke8 34. Rb5 Kd7 35. c5 Kc7 36. Kh2 f5 37. f3 g5 38. Kg3 h5 39. Kh2 f4 40. h4 g4
41. fxg4 hxg4 42. d6+ Kc8 43. h5 a3 44. bxa3 Rxa3 45. h6 Ra7 46. c6 Rh7 47. d7+
Kc7 48. Rb7+ Kxc6 49. d8=N+ 1-0

[Event "C.to Italiano di Categoria B"]
[Site "Civitanova Marche ITA"]
[Date "2012.07.21"]
[Round "7"]
[White "Simeone, Giulio"]
[Black "Benaglia, Giovanni"]
[WhiteElo "1984"]
[BlackElo "1980"]
[Result "1-0"]
[PlyCount "68"]
[EventDate "2012.07.15"]

1. c4 b6 2. d4 e6 3. Nc3 Bb4 4. Qc2 Bb7 5. Nf3 Nf6 6. Bg5 h6 7. Bh4 g5 8. Bg3
Ne4 9. e3 d6 10. Bd3 f5 11. Qa4+ Nc6 12. Bxe4 Bxc3+ 13. bxc3 fxe4 14. d5 Qd7
15. Nd2 Na5 16. Qc2 exd5 17. cxd5 Bxd5 18. Nxe4 O-O-O 19. Nf6 Qe6 20. Nxd5 Qxd5
21. O-O Nc4 22. Rfd1 Qe6 23. Rd4 h5 24. Qb3 d5 25. h4 Rdg8 26. e4 c6 27. Rad1
gxh4 28. exd5 cxd5 29. Rxd5 Qc6 30. Bxh4 Rg4 31. Bg3 h4 32. Qc2 Rxg3 33. Qf5+
Kb7 34. fxg3 hxg3 1-0

[Event "C.to Italiano di Categoria B"]
[Site "Civitanova Marche ITA"]
[Date "2012.07.21"]
[Round "7"]
[White "Teutsch, Alexander"]
[Black "Spornberger, Andre"]
[WhiteElo "2089"]
[BlackElo "1982"]
[Result "0-1"]
[PlyCount "61"]
[EventDate "2012.07.15"]

1. d4 g6 2. c4 Bg7 3. Nc3 d6 4. e4 a6 5. f4 c6 6. Nf3 b5 7. e5 Nh6 8. Be3 Bg4
9. cxb5 axb5 10. Be2 Nf5 11. Bf2 Bh6 12. g3 d5 13. Nd2 Bxe2 14. Nxe2 e6 15. Qc2
Bf8 16. O-O h5 17. Nf3 Be7 18. a4 O-O 19. b3 Qb6 20. h3 Na6 21. Kg2 Nb4 22. Qd2
bxa4 23. bxa4 c5 24. g4 Ng7 25. Ng3 c4 26. Qe2 Nd3 27. Qe3 Qc6 28. gxh5 gxh5
29. h4 Rxa4 30. Rxa4 Qxa4 31. Ng5 0-1

[Event "C.to Italiano di Categoria B"]
[Site "Civitanova Marche ITA"]
[Date "2012.07.22"]
[Round "8"]
[White "Arnetta, Maria Teresa"]
[Black "Buriani, Andrea"]
[WhiteElo "2013"]
[BlackElo "2174"]
[Result "1-0"]
[PlyCount "42"]
[EventDate "2012.07.15"]

1. e4 e5 2. Nf3 Nc6 3. d4 exd4 4. Nxd4 Bc5 5. Nb3 Bb6 6. Nc3 Qf6 7. Qe2 Nge7 8.
Be3 O-O 9. O-O-O d6 10. Kb1 Bd7 11. h4 Bxe3 12. Qxe3 a5 13. a3 Rab8 14. f3 Ne5
15. Be2 b5 16. f4 N5g6 17. h5 Nxf4 18. e5 dxe5 19. Rxd7 b4 20. Ne4 Qe6 21. Nec5
Qf6 1-0

[Event "C.to Italiano di Categoria B"]
[Site "Civitanova Marche ITA"]
[Date "2012.07.22"]
[Round "8"]
[White "Bellincampi, Stefano"]
[Black "Miandro, Roberto"]
[WhiteElo "2069"]
[BlackElo "2093"]
[Result "1/2-1/2"]
[PlyCount "86"]
[EventDate "2012.07.15"]

1. e4 c5 2. c3 d5 3. exd5 Qxd5 4. d4 Nc6 5. Nf3 Bg4 6. Be2 cxd4 7. cxd4 e6 8.
Nc3 Bb4 9. h3 Bh5 10. O-O Bxc3 11. bxc3 Nge7 12. c4 Qd7 13. Be3 O-O 14. Qb3
Bxf3 15. Bxf3 Nf5 16. Rad1 Rab8 17. d5 Ne5 18. Bxa7 Nxf3+ 19. Qxf3 Ra8 20. dxe6
Qxe6 21. Qxb7 Qxc4 22. a3 Qc3 23. Rc1 Qe5 24. Rc5 Qf4 25. Rfc1 h6 26. Rc8 Nd6
27. Rxf8+ Rxf8 28. Qb1 Re8 29. Rd1 Ne4 30. Re1 Re6 31. Be3 Qe5 32. Qb7 Qa5 33.
Qb4 Qd5 34. Qd4 Qa5 35. Qb4 Qd5 36. Bd4 Kh7 37. Be3 Rg6 38. Qd4 Qa8 39. f3 Nf6
40. Kh2 Qxa3 41. Ra1 Qb3 42. Ra8 Qc2 43. Qd2 Qxd2 1/2-1/2

[Event "C.to Italiano di Categoria B"]
[Site "Civitanova Marche ITA"]
[Date "2012.07.22"]
[Round "8"]
[White "Benaglia, Giovanni"]
[Black "Traversi, Carlo"]
[WhiteElo "1980"]
[BlackElo "1586"]
[Result "1-0"]
[PlyCount "46"]
[EventDate "2012.07.15"]

1. d4 Nf6 2. Bg5 e6 3. e3 Be7 4. Bd3 d5 5. Nd2 Nbd7 6. Ngf3 O-O 7. c3 c5 8. Ne5
c4 9. Bc2 Nxe5 10. dxe5 Nd7 11. Bf4 Bg5 12. Qh5 h6 13. h4 Bxf4 14. exf4 f5 15.
g4 Qe8 16. Qxe8 Rxe8 17. gxf5 exf5 18. Bxf5 Rf8 19. Be6+ Kh8 20. Bxd5 Rxf4 21.
Nxc4 Nc5 22. Ke2 Ne4 23. Ke3 Rg4 1-0

[Event "C.to Italiano di Categoria B"]
[Site "Civitanova Marche ITA"]
[Date "2012.07.22"]
[Round "8"]
[White "Boraso, Alessio"]
[Black "Sagripanti, Michele"]
[WhiteElo "2078"]
[BlackElo "1981"]
[Result "0-1"]
[PlyCount "80"]
[EventDate "2012.07.15"]

1. e4 g6 2. d4 Bg7 3. c4 c5 4. d5 d6 5. Nc3 Nf6 6. f4 O-O 7. Nf3 b5 8. cxb5 a6
9. a4 axb5 10. Bxb5 Ba6 11. Rb1 Qa5 12. O-O Bxb5 13. axb5 Ne8 14. Qd3 Nc7 15.
Nd2 Nd7 16. e5 Nb6 17. exd6 exd6 18. Nde4 Qb4 19. Rd1 Rfe8 20. Nxd6 c4 21. Qf3
Qxd6 22. Ne4 Rxe4 23. Qxe4 Re8 24. Qf3 Qc5+ 25. Kh1 Ncxd5 26. Bd2 Qxb5 27. Qf2
f5 28. Re1 Re4 29. Rxe4 fxe4 30. Qe2 Nf6 31. Bc3 Qf5 32. Bd4 Nfd5 33. Bxb6 Nxb6
34. Qe3 Nd5 35. Qc5 h5 36. Qxc4 Kh7 37. Rd1 Ne3 38. Qe2 Nxd1 39. Qxd1 Qxf4 40.
b4 Qf2 0-1

[Event "C.to Italiano di Categoria B"]
[Site "Civitanova Marche ITA"]
[Date "2012.07.22"]
[Round "8"]
[White "Bossoni, Mario"]
[Black "Tardelli, Andrea"]
[WhiteElo "1919"]
[BlackElo "1736"]
[Result "0-1"]
[PlyCount "43"]
[EventDate "2012.07.15"]

1. e4 e5 2. Bc4 Nf6 3. d3 Nc6 4. Nf3 Bc5 5. c3 O-O 6. Bg5 d6 7. Nbd2 a6 8. b4
Ba7 9. h3 Be6 10. O-O h6 11. Bh4 Kh7 12. g4 g5 13. Bxe6 fxe6 14. Bxg5 Rg8 15.
Bh4 Nxg4 16. Bxd8 Nxf2+ 17. Ng5+ Rxg5+ 18. Bxg5 Nxd1+ 19. Kh2 Nxc3 20. Bh4 Rg8
21. a3 Be3 22. Rf7+ 0-1

[Event "C.to Italiano di Categoria B"]
[Site "Civitanova Marche ITA"]
[Date "2012.07.22"]
[Round "8"]
[White "Brioschi, Camillo"]
[Black "Coqueraut, Jean Dominique"]
[WhiteElo "1836"]
[BlackElo "1809"]
[Result "1/2-1/2"]
[PlyCount "28"]
[EventDate "2012.07.15"]

1. d4 d5 2. c4 e6 3. Nc3 Nf6 4. cxd5 exd5 5. Bg5 Be7 6. e3 c6 7. Qc2 Be6 8. Bd3
Nbd7 9. Nf3 Rc8 10. O-O O-O 11. Rac1 Re8 12. h3 h6 13. Bh4 Nh5 14. Bxe7 Qxe7
1/2-1/2

[Event "C.to Italiano di Categoria B"]
[Site "Civitanova Marche ITA"]
[Date "2012.07.22"]
[Round "8"]
[White "De Grandi, Samuele"]
[Black "Rinaudo, Andrea"]
[WhiteElo "1655"]
[BlackElo "2103"]
[Result "1/2-1/2"]
[PlyCount "55"]
[EventDate "2012.07.15"]

1. c4 e5 2. g3 Nc6 3. Bg2 g6 4. Nc3 Bg7 5. e4 d6 6. Nge2 Nf6 7. d3 O-O 8. O-O
Be6 9. Nd5 Ne7 10. f4 Nfxd5 11. cxd5 Bg4 12. Bf3 Bxf3 13. Rxf3 f5 14. Be3 c6
15. dxc6 bxc6 16. Qd2 d5 17. fxe5 dxe4 18. dxe4 Qxd2 19. Bxd2 Bxe5 20. Bc3 Bxc3
21. Nxc3 Rad8 22. Raf1 Rd2 23. R3f2 Rxf2 24. Rxf2 Rd8 25. exf5 Nxf5 26. g4 Ne3
27. h3 Kg7 28. Kh2 1/2-1/2

[Event "C.to Italiano di Categoria B"]
[Site "Civitanova Marche ITA"]
[Date "2012.07.22"]
[Round "8"]
[White "Gattafoni, Alessio"]
[Black "Distaso, Antonio"]
[WhiteElo "1985"]
[BlackElo "2040"]
[Result "0-1"]
[PlyCount "134"]
[EventDate "2012.07.15"]

1. e4 c5 2. Nc3 g6 3. Nf3 Bg7 4. g3 Nc6 5. Bg2 e6 6. O-O Nge7 7. d3 O-O 8. Ne2
d5 9. exd5 Nxd5 10. c3 e5 11. Qb3 Nde7 12. Rd1 Be6 13. Qc2 Rc8 14. Be3 Nd4 15.
cxd4 cxd4 16. Qd2 dxe3 17. Qxe3 Nf5 18. Qxa7 Rc2 19. Nc3 Rxb2 20. Ne1 Qa8 21.
Qxa8 Rxa8 22. Rab1 Rxb1 23. Rxb1 Nd6 24. a4 Rc8 25. Ne4 Nxe4 26. Bxe4 Ra8 27.
Rxb7 Rxa4 28. Kg2 Bh6 29. Nf3 Ra2 30. Nxe5 Be3 31. Kf3 Bd4 32. Ng4 f5 33. Rb8+
Kg7 34. Rb7+ Kf8 35. Rb8+ Ke7 36. Rb7+ Kd6 37. Ne3 fxe4+ 38. dxe4 h5 39. Rb5
Ke7 40. Rb4 Bxe3 41. Kxe3 Bg4 42. Rb7+ Ke6 43. Rb6+ Kf7 44. Rb7+ Kf8 45. f3
Ra3+ 46. Kf4 Bxf3 47. h3 Bg2 48. g4 Rxh3 49. Rb8+ Ke7 50. Rb7+ Kd8 51. gxh5
gxh5 52. Rh7 h4 53. e5 Rf3+ 54. Kg4 h3 55. e6 Rf6 56. e7+ Ke8 57. Kg3 Rf7 58.
Rh8+ Kxe7 59. Kh2 Kf6 60. Rb8 Kg6 61. Rb6+ Rf6 62. Rb8 Kg5 63. Rb5+ Rf5 64. Rb8
Kg4 65. Rb4+ Rf4 66. Rb8 Bd5 67. Rb2 Ra4 0-1

[Event "C.to Italiano di Categoria B"]
[Site "Civitanova Marche ITA"]
[Date "2012.07.22"]
[Round "8"]
[White "Giancotti, Eraldo"]
[Black "Simeone, Giulio"]
[WhiteElo "2062"]
[BlackElo "1984"]
[Result "1-0"]
[PlyCount "120"]
[EventDate "2012.07.15"]

1. d4 g6 2. Nc3 d5 3. e4 dxe4 4. f3 c5 5. d5 exf3 6. Qxf3 Bg7 7. Bb5+ Bd7 8.
Nge2 Bxb5 9. O-O Nf6 10. Nxb5 O-O 11. d6 Nbd7 12. Qxb7 Rb8 13. Qa6 Rb6 14. Qa4
exd6 15. Nxa7 Qa8 16. Nc3 Rb4 17. Qa3 Rg4 18. Rf2 Re8 19. Bf4 Nh5 20. Bg3 Bd4
21. Ncb5 Bxf2+ 22. Kxf2 Qe4 23. Qd3 Nxg3 24. hxg3 Re6 25. Rd1 Qxd3 26. Rxd3 Ra4
27. a3 Nf6 28. b3 Rae4 29. g4 Nxg4+ 30. Kg3 Ne5 31. Rd2 f5 32. Nc7 f4+ 33. Kh3
Re7 34. Nab5 Re3+ 35. Kh4 f3 36. Nd5 Re4+ 37. Kh3 Re6 38. Nbc7 Re2 39. Rd1 Kf7
40. Nxe6 f2 41. Ng5+ Kg7 42. Rf1 Rxc2 43. Ne4 Rb2 44. a4 Rxb3+ 45. Nec3 Nd3 46.
Kg3 c4 47. Kf3 g5 48. Ke2 g4 49. g3 h5 50. Ra1 Rb2+ 51. Kf1 Nc5 52. a5 h4 53.
gxh4 g3 54. a6 Nb3 55. a7 Nd2+ 56. Kg2 f1=Q+ 57. Rxf1 Nxf1+ 58. Kxf1 Rf2+ 59.
Kg1 Rf8 60. Nc7 Kg6 1-0

[Event "C.to Italiano di Categoria B"]
[Site "Civitanova Marche ITA"]
[Date "2012.07.22"]
[Round "8"]
[White "Guglielmi, Dante"]
[Black "Chiarion, Elisa"]
[WhiteElo "1897"]
[BlackElo "2004"]
[Result "0-1"]
[PlyCount "58"]
[EventDate "2012.07.15"]

1. c4 c6 2. Nf3 d5 3. e3 e6 4. Nc3 Nf6 5. b3 Nbd7 6. Bb2 Bd6 7. d4 O-O 8. Bd3
Re8 9. O-O e5 10. dxe5 Nxe5 11. Nxe5 Bxe5 12. cxd5 Bxh2+ 13. Kxh2 Ng4+ 14. Kg3
Qg5 15. f4 Qh6 16. Bc1 Qh2+ 17. Kf3 Qh4 18. Qe1 Nh2+ 19. Ke2 Qh5+ 20. Kd2 Nxf1+
21. Qxf1 cxd5 22. Nb5 Bg4 23. Bb2 a6 24. Nc7 d4 25. Nxa8 Qa5+ 26. Kc1 dxe3 27.
Nb6 Qd2+ 28. Kb1 e2 29. Bxe2 Bxe2 0-1

[Event "C.to Italiano di Categoria B"]
[Site "Civitanova Marche ITA"]
[Date "2012.07.22"]
[Round "8"]
[White "Milazzo, Mario"]
[Black "Teutsch, Alexander"]
[WhiteElo "2077"]
[BlackElo "2089"]
[Result "1/2-1/2"]
[PlyCount "66"]
[EventDate "2012.07.15"]

1. c4 g6 2. Nc3 Bg7 3. g3 c5 4. Bg2 Nc6 5. d3 e6 6. e4 Nge7 7. Nge2 O-O 8. O-O
d6 9. a3 b6 10. Rb1 Bb7 11. Bf4 Qd7 12. Qd2 Nd4 13. Bh6 d5 14. Bxg7 Kxg7 15.
exd5 exd5 16. cxd5 Nxd5 17. Nxd4 cxd4 18. Nxd5 Bxd5 19. Qf4 Bxg2 20. Kxg2 Qd5+
21. Qe4 Rad8 22. Qxd5 Rxd5 23. Rbc1 Rfd8 24. Rfe1 Kf6 25. Rc7 R8d7 26. Rec1 Ke6
27. h4 f5 28. Kf3 h6 29. Kf4 R5d6 30. Rxd7 Kxd7 31. h5 gxh5 32. Kxf5 Rd5+ 33.
Ke4 Kd6 1/2-1/2

[Event "C.to Italiano di Categoria B"]
[Site "Civitanova Marche ITA"]
[Date "2012.07.22"]
[Round "8"]
[White "Monducci, Mirko"]
[Black "Fratini, Mauro"]
[WhiteElo "1918"]
[BlackElo "1862"]
[Result "0-1"]
[PlyCount "92"]
[EventDate "2012.07.15"]

1. d4 Nf6 2. Nc3 d5 3. Bg5 c6 4. Bxf6 exf6 5. e3 Be6 6. Bd3 Nd7 7. Qd2 Be7 8.
Nge2 f5 9. Nf4 g6 10. g3 Nf6 11. a3 Qc7 12. Nce2 Ne4 13. Bxe4 fxe4 14. Nxe6
fxe6 15. c4 Bd6 16. Rc1 Qf7 17. Qc2 Qf3 18. Rf1 O-O 19. Nc3 Rf5 20. cxd5 exd5
21. Qe2 Qg2 22. b4 Raf8 23. Nb1 Qxh2 24. f4 Qxg3+ 25. Kd2 Qh4 26. Rh1 Qf6 27.
Rcg1 Bxf4 28. exf4 Qxd4+ 29. Kc1 Rxf4 30. Qd2 Qc4+ 31. Qc3 Rf1+ 32. Rxf1 Rxf1+
33. Rxf1 Qxf1+ 34. Kb2 Qf2+ 35. Qc2 Qxc2+ 36. Kxc2 Kf7 37. Kd2 Ke6 38. Ke2 Ke5
39. Nd2 h5 40. Ke3 d4+ 41. Ke2 Kf4 42. Nf1 g5 43. Nd2 h4 44. Nf1 g4 45. Kf2 e3+
46. Ke2 g3 0-1

[Event "C.to Italiano di Categoria B"]
[Site "Civitanova Marche ITA"]
[Date "2012.07.22"]
[Round "8"]
[White "Raselli, Claudio"]
[Black "Brociner, Beniamino"]
[WhiteElo "1890"]
[BlackElo "1961"]
[Result "1-0"]
[PlyCount "75"]
[EventDate "2012.07.15"]

1. d4 Nf6 2. Nf3 b6 3. e3 Bb7 4. Bd3 g6 5. Nbd2 d5 6. O-O Bg7 7. Ne5 O-O 8. c3
Nbd7 9. f4 c5 10. Ndf3 Ne4 11. Bd2 Qc7 12. Be1 Rfd8 13. Bh4 Nf8 14. Nd2 Rac8
15. Nxe4 dxe4 16. Bc4 Bd5 17. Bxd5 Rxd5 18. Rc1 Nd7 19. Nxd7 Qxd7 20. Qe2 e6
21. Rfd1 f5 22. c4 Rd6 23. dxc5 bxc5 24. Rxd6 Qxd6 25. Rd1 Qc7 26. Qd2 e5 27.
g3 exf4 28. gxf4 Rb8 29. b3 Rb7 30. Qd5+ Kf8 31. Qe6 Rb6 32. Qd5 Rb7 33. Bd8
Qc8 34. Qd6+ Ke8 35. Qa6 Bf8 36. Rd5 Rc7 37. Qf6 Bg7 38. Re5+ 1-0

[Event "C.to Italiano di Categoria B"]
[Site "Civitanova Marche ITA"]
[Date "2012.07.22"]
[Round "8"]
[White "Renzi, Marco"]
[Black "Pacilli, Emanuele"]
[WhiteElo "1983"]
[BlackElo "2168"]
[Result "0-1"]
[PlyCount "66"]
[EventDate "2012.07.15"]

1. e4 d5 2. exd5 Qxd5 3. Nc3 Qd6 4. Nf3 Nf6 5. d4 a6 6. Bd3 Bg4 7. Be3 Nc6 8.
Qd2 Bxf3 9. gxf3 O-O-O 10. O-O-O e6 11. Ne2 Qd5 12. c4 Qxf3 13. a3 Ne4 14. Qe1
Be7 15. b4 Bg5 16. Bxg5 Nxg5 17. Rg1 Qf6 18. Qc3 Nf3 19. Rg4 Nfxd4 20. Nxd4
Nxd4 21. Kb2 Qf3 22. Rxd4 Qxd1 23. Rxd8+ Rxd8 24. Bc2 Qd4 25. h4 h5 26. f3 g6
27. Kb3 Qxc3+ 28. Kxc3 e5 29. Be4 c6 30. Bc2 Rd4 31. c5 Rxh4 32. Bb3 Rf4 33.
Bd1 h4 0-1